Normal view
MARC view
- ODEL ENGINES ROCKET ENGINES HOT AIR ENGINES GAS TURBINES ENGINES PETROL TURBINES ENGINES DIESEL OIL ENGINES GAS ENGINES STEAM POWER ENGINE WIND POWER ENGINE WATER POWER ENGINES
Entry Topical Term
001 - CONTROL NUMBER
- control field: 75344
003 - CONTROL NUMBER IDENTIFIER
- control field: NUST
005 - DATE AND TIME OF LATEST TRANSACTION
- control field: 20210628205409.0
008 - FIXED-LENGTH DATA ELEMENTS
- fixed length control field: 210628|| aca||aabn | a|a d
040 ## - CATALOGING SOURCE
- Original cataloging agency: NUST
- Transcribing agency: NUST
150 ## - HEADING--TOPICAL TERM
- Topical term or geographic name entry element: ODEL ENGINES ROCKET ENGINES HOT AIR ENGINES GAS TURBINES ENGINES PETROL TURBINES ENGINES DIESEL OIL ENGINES GAS ENGINES STEAM POWER ENGINE WIND POWER ENGINE WATER POWER ENGINES
670 ## - SOURCE DATA FOUND
- Source citation: Work cat.: (NUST): DAY, JOHN 75343, ENGINES THE SEARCH FOR POWER, 1980
